00342nam a2200145Ia 4500003000400000005001700004008004100021020001900062040002900081100001600110245003600126260001300162260000900175546001200184OSt20240621105549.0170619s9999 xx 000 0 und d a978-9352621699 cIIMT ENGINEERING COLLEGE aMamoria c B 0adynamics of industrial relation bHIMALAYA c2009 aENGLISH